Normal view MARC view
  • Tapia Zúñiga, José

Entry Nombre Personal

Number of records used in: 2

001 - NUMERO DE CONTROL

  • campo de control: 45988

003 - IDENTIFICADOR DE NUMERO DE CONTROL

  • campo de control: DLC

005 - FECHA Y HORA DE LA ÜLTIMA TRANSACCIÓN

  • campo de control: 20220831121715.0

008 - DATOS DE LONGITUD FIJA

  • campo de control de longitud fija: 970529n| acannaabn || aaa d

010 ## - NÚMERO DE CONTROL DE LA BIBLIOTECA DEL CONGRESO

  • Número de control LC: no 97032978

035 ## - NUMERO DE CONTROL

  • Número de control: (OCoLC)oca04350923

040 ## - FUENTE DE CATALOGACIÓN

  • Agencia original de catalogación: CoU
  • Lenguaje de catalogación: spa
  • Agencia de transcripción: CoU
  • Agencia que lo modifica: NjP
  • Agencia que lo modifica: OCoLC
  • Agencia que lo modifica: MX-MxUPN

100 1# - ENCABEZAMIENTO - NOMBRE PERSONAL

  • Nombre personal: Tapia Zúñiga, José

670 ## - FUENTE EN LA QUE SE LOCALIZARON DATOS

  • Cita de la fuente: Tacitus, C. Historias, 1995:
  • Información localizada: portada (José Tapia Zúñiga)

670 ## - FUENTE EN LA QUE SE LOCALIZARON DATOS

  • Cita de la fuente: En torno al género literario ... 1997:
  • Información localizada: portada (José Tapia Zúñiga) solapa (b. 1936, Puebla, Mex.; Latin prof., specialist in Latin philology)

902 ## - CATALOGADOR

  • Catalogador: VRC/310822